000
00362nam a2200157Ia 4500
008
230605s2001 xx 000 0 und d
041
_a
eng
100
_a
Kasvana
245
_a
Managing Front Office Operations( 1
260
_b
Education Instt. Pub.
_c
2001
_c
2001
300
_a
601
365
_b
415
500
_a
186
520
_a
General
650
_a
F.O.
999
_c
417785
_d
417785